Gaming Quiz

Random Gaming Quiz

Most bought video games in 2014 Quiz Stats

 Plays Quiz not verified by Sporcle

Challenge
Share
Tweet
Embed
Score 0/10 Timer 05:00
0 Plays Today
Hint Answer % Correct
Grand Theft Auto 5
78.4%
Call of Duty:Advance Warfare
70.3%
Call of Duty:Ghosts
54.1%
Madden NFL 15
51.4%
NBA 2K15
48.6%
Fifa15
48.6%
Destiny
45.9%
Minecraft
40.5%
Watch Dogs
35.1%
Super Smash Bros
21.6%

You're not logged in!

Compare scores with friends on all Sporcle quizzes.
OR
Log In

You Might Also Like...

Show Comments

Extras

Created Apr 26, 2015ReportNominate
Tags:2014, bought, video

Top Quizzes Today


Score Distribution

Your Account Isn't Verified!

In order to create a playlist on Sporcle, you need to verify the email address you used during registration. Go to your Sporcle Settings to finish the process.

Report this User

Report this user for behavior that violates our Community Guidelines.

Details: